| 000 | 01073nam a2200301 a 4500 | ||
|---|---|---|---|
| 001 | 44382 | ||
| 003 | BD-RjUL | ||
| 005 | 20211209053839.0 | ||
| 008 | 120903s2012 ii b 001 0 eng d | ||
| 020 |
_a9780670084708 _c: IRs. 599.00 |
||
| 020 | _a0670084700 | ||
| 035 | _a(BD-RjUL)44500 | ||
| 040 |
_aYDXCP _beng _erda _cYDXCP _dDLC _dDKAGE _dBD-RjUL |
||
| 041 | _aeng | ||
| 082 | 0 | 0 |
_223 _a320.954 _bDAI 2012 |
| 100 | 1 |
_aDas, Gurcharan, _9136228 |
|
| 245 | 1 | 0 |
_aIndia grows at night : _ba liberal case for a strong state / _cGurcharan Das. |
| 260 |
_aNew Delhi : _bPenguin Books India Pvt. Ltd., _c2012 |
||
| 300 |
_a[12], 308 p. ; _c22 cm. |
||
| 504 | _aIncludes bibliographical references (pages 286-298) and index. | ||
| 650 | 7 |
_aEconomic history. _2fast _9136229 |
|
| 650 | 7 |
_aPolitical science. _2fast _9136230 |
|
| 650 | 7 |
_aIndustry. _2eflch _9136231 |
|
| 651 | 0 |
_aIndia _xPolitics and government. _9136232 |
|
| 651 | 7 |
_aIndia. _2fast _9136233 |
|
| 856 | 4 | 2 |
_3Publisher description _uhttp://catdir.loc.gov/catdir/enhancements/fy1305/2012353825-d.html |
| 942 |
_2ddc _cBK |
||
| 999 |
_c44382 _d44382 |
||